[Event "Mittelrhein Verbandsliga-W 16/17"]
[Site "Nordrheinwestfalen"]
[Date "2016.11.27"]
[Round "4.7"]
[White "Korr, Christopher"]
[Black "Esper, Tim"]
[Result "0-1"]
[WhiteElo "1671"]
[BlackElo "1512"]
[PlyCount "96"]
[EventDate "2016.09.11"]
[EventType "team-tourn"]
[EventRounds "11"]
[EventCountry "GER"]
[SourceTitle "EXT 2022"]
[Source "ChessBase"]
[SourceDate "2021.10.06"]
[SourceVersion "1"]
[SourceVersionDate "2021.10.06"]
[SourceQuality "1"]
[WhiteTeam "Eilendorf Arminia"]
[BlackTeam "Bergheim"]
[WhiteTeamCountry "GER"]
[BlackTeamCountry "GER"]

1. e4 c6 2. Nf3 d5 3. Nc3 Bg4 4. e5 e6 5. h3 Bh5 6. d4 c5 7. Be3 cxd4 8. Bxd4 Nc6 9. Bb5 a6 10. Bxc6+ bxc6 11. g4 Bg6 12. Ne2 Be4 13. Ng3 Bg6 14. c3 c5 15. Be3 Qa5 16. 0-0 Ne7 17. Qb3 Qc7 18. Qa4+ Qc6 19. Qa3 Nc8 20. Rfc1 Nb6 21. b3 d4 22. Bxd4 cxd4 23. Nxd4 Bxa3 24. Nxc6 Bxc1 25. Rxc1 Rc8 26. Nb4 a5 27. Na6 Nd5 28. c4 Nb4 29. Nxb4 axb4 30. f4 Bd3 31. Kf2 h6 32. Ke3 Bg6 33. Ne2 Ke7 34. Nd4 Rhd8 35. c5 Rd5 36. c6 f6 37. c7 Kd7 38. exf6 gxf6 39. h4 e5 40. f5 Bf7 41. Nf3 Rxc7 42. Rc4 Rxc4 43. bxc4 Rc5 44. g5 hxg5 45. hxg5 fxg5 46. f6 Bxc4 47. Nxg5 Ke8 48. f7+ Bxf7 0-1

[Event "Mittelrhein Verbandsliga-W 15/16"]
[Site "Nordrheinwestfalen"]
[Date "2016.01.31"]
[Round "7.7"]
[White "Peltzer, Harald"]
[Black "Korr, Christopher"]
[Result "1-0"]
[WhiteElo "1859"]
[BlackElo "1633"]
[PlyCount "63"]
[EventDate "2015.09.06"]
[EventType "team-tourn"]
[EventRounds "11"]
[EventCountry "GER"]
[SourceTitle "EXT 2022"]
[Source "ChessBase"]
[SourceDate "2021.10.06"]
[SourceVersion "1"]
[SourceVersionDate "2021.10.06"]
[SourceQuality "1"]
[WhiteTeam "Wuerselen II"]
[BlackTeam "Eilendorf Arminia"]
[WhiteTeamCountry "GER"]
[BlackTeamCountry "GER"]

1. e4 e5 2. Nf3 Nf6 3. Nxe5 d6 4. Nf3 Nxe4 5. d4 d5 6. Bd3 Bg4 7. h3 Bh5 8. 0-0 Be7 9. Re1 f5 10. Nbd2 0-0 11. c4 Nc6 12. Be2 Bb4 13. cxd5 Ne7 14. Qb3 Bd6 15. Nxe4 fxe4 16. Ng5 Bxe2 17. Ne6 Qe8 18. Nxf8 Qh5 19. Ne6 Ng6 20. Qxb7 Re8 21. Qc6 Rf8 22. Qd7 Rf7 23. Qe8+ Nf8 24. Nxf8 Rxf8 25. Qxe4 Bc4 26. Bd2 Bxd5 27. Qg4 Qf7 28. f3 c6 29. a3 Bc7 30. Bb4 Rb8 31. Re7 Qf4 32. Qxg7# 1-0